000 00585nam a2200193Ia 4500
005 20250326143737.0
008 250326s9999 xx 000 0 und d
020 _a1-930708-27-0
037 _aTextbook
040 _aFMSL
_beng
_cFMSL
041 _aeng
_2eng
084 _aX:5obD658(2:55) P2
_qFMSL
100 _aRaisinghani Mahesh
_9742440
245 0 _aCases on worldwide e-commerce : Theoryin action
_cRaisinghani Mahesh
260 _aLondon
_bLondon, Idea Group
_c2002
300 _avii,260
942 _cTB
_hX:5obD658(2:55) P2
999 _c1300838
_d1300838